[Event "15PCR_ZK4"]
[Site "?"]
[Date "2003.??.??"]
[Round "?"]
[White "Trs, Jan"]
[Black "Petrzik, Josef"]
[Result "1-0"]
[WhiteElo "2060"]
[BlackElo "1800"]
[PlyCount "51"]
[EventDate "2003.??.??"]
[EventType "corr"]
[EventRounds "2"]
[SourceDate "2004.??.??"]

1. c4 Nf6 2. Nc3 c5 3. Nf3 d5 4. cxd5 Nxd5 5. e4 Nxc3 6. bxc3 Nc6 7. Bc4 e6 8.
O-O Bd6 9. d4 O-O 10. e5 Be7 11. Be3 b6 12. dxc5 Qxd1 13. Rfxd1 Na5 14. Bd3
bxc5 15. Rab1 Bb7 16. Rb5 Bxf3 17. gxf3 Nc6 18. Bxc5 Bxc5 19. Rxc5 Rac8 20. Ba6
Rcd8 21. Rxd8 Nxd8 22. f4 f6 23. Rc7 Rf7 24. Rc8 Rd7 25. c4 Rd2 26. c5 1-0

[Event "15PCR_ZK4"]
[Site "?"]
[Date "2003.??.??"]
[Round "?"]
[White "Slavik, Miroslav"]
[Black "Peroutik, Jiri"]
[Result "1-0"]
[WhiteElo "2160"]
[BlackElo "1925"]
[PlyCount "51"]
[EventDate "2003.??.??"]
[EventType "corr"]
[EventRounds "2"]
[SourceDate "2004.??.??"]

1. d4 d5 2. c4 e6 3. Nc3 Nf6 4. Bg5 Be7 5. e3 Nbd7 6. Nf3 O-O 7. Qc2 c6 8. cxd5
exd5 9. Bd3 h6 10. Bh4 Nh5 11. Bxe7 Qxe7 12. O-O Nhf6 13. Rfe1 Re8 14. e4 dxe4
15. Nxe4 Qf8 16. Nxf6+ Nxf6 17. Qb3 b6 18. Rxe8 Qxe8 19. Bc4 b5 20. Re1 Qf8 21.
Bd3 Be6 22. Rxe6 fxe6 23. Qxe6+ Kh8 24. Qxc6 b4 25. Ne5 Qe8 26. Qc4 1-0

[Event "15PCR_ZK4"]
[Site "?"]
[Date "2003.??.??"]
[Round "?"]
[White "Cvak, Rudolf"]
[Black "Ptacek, Jiri"]
[Result "1-0"]
[WhiteElo "1800"]
[BlackElo "1800"]
[PlyCount "69"]
[EventDate "2003.??.??"]
[EventType "corr"]
[EventRounds "2"]
[SourceDate "2004.??.??"]

1. e4 e6 2. d4 d5 3. Nc3 dxe4 4. Nxe4 Nd7 5. Nf3 Ngf6 6. Nxf6+ Nxf6 7. Bg5 h6
8. Be3 b6 9. Ne5 Bd7 10. Bd3 Bd6 11. O-O Bxe5 12. dxe5 Nd5 13. Bd2 Ne7 14. f4
Bc6 15. Qg4 g6 16. Kh1 Qd5 17. Rfd1 Bb7 18. Bb4 Qc6 19. a4 a6 20. Bxe7 Kxe7 21.
Re1 Qe8 22. Red1 Rd8 23. Qh4+ Kf8 24. Qf6 Kg8 25. Bb5 Rxd1+ 26. Rxd1 c6 27. Bc4
Kh7 28. Rd8 Qg8 29. Rd7 h5 30. Bd3 Kh6 31. Qg5+ Kh7 32. Qxh5+ Kg7 33. Qxg6+ Kf8
34. Rd8+ Ke7 35. Qf6# 1-0

[Event "15PCR_ZK4"]
[Site "?"]
[Date "2003.??.??"]
[Round "?"]
[White "Kudr, Roman"]
[Black "Kubecek, Jan"]
[Result "1/2-1/2"]
[WhiteElo "1915"]
[BlackElo "1800"]
[PlyCount "64"]
[EventDate "2003.??.??"]
[EventType "corr"]
[EventRounds "2"]
[SourceDate "2004.??.??"]

1. Nf3 Nf6 2. c4 b6 3. Nc3 Bb7 4. d4 e6 5. a3 d5 6. cxd5 Nxd5 7. Qc2 Be7 8. Bd2
c5 9. dxc5 Bxc5 10. Rd1 O-O 11. e3 Nf6 12. Be2 Nbd7 13. O-O Rc8 14. Qb1 Qe7 15.
e4 h6 16. Bd3 Rfd8 17. Ne2 Bd6 18. Bc3 e5 19. b4 Qe6 20. Rc1 Nh7 21. Ng3 Be7
22. Bd2 a6 23. Nf5 Bf8 24. Rxc8 Rxc8 25. Rc1 Rxc1+ 26. Qxc1 Nhf6 27. Ng3 b5 28.
Qc7 Qc6 29. Qxc6 Bxc6 30. Bc3 Bd6 31. Kf1 Kf8 32. Ke2 Bc7 1/2-1/2

[Event "15PCR_ZK4"]
[Site "?"]
[Date "2003.??.??"]
[Round "?"]
[White "Petrzik, Josef"]
[Black "Kubecek, Jan"]
[Result "0-1"]
[WhiteElo "1800"]
[BlackElo "1800"]
[PlyCount "53"]
[EventDate "2003.??.??"]
[EventType "corr"]
[EventRounds "2"]
[SourceDate "2004.??.??"]

1. e4 c5 2. Nf3 e6 3. d4 cxd4 4. Nxd4 Nc6 5. Nc3 a6 6. Be2 Qc7 7. f4 b5 8. a4
b4 9. Na2 Bb7 10. Bf3 Nxd4 11. Qxd4 Nf6 12. Nxb4 Bc5 13. Qd2 Bxe4 14. Nd3 Bxf3
15. Nxc5 Qxc5 16. gxf3 O-O 17. Qg2 Rfc8 18. Rg1 g6 19. Qg5 Qb4+ 20. Ke2 Rxc2+
21. Kd1 Rxh2 22. Rg2 Rh1+ 23. Ke2 Qc4+ 24. Kf2 Qc2+ 25. Ke3 Re1+ 26. Kd4 Rd1+
27. Ke5 0-1

[Event "15PCR_ZK4"]
[Site "?"]
[Date "2003.??.??"]
[Round "?"]
[White "Ptacek, Jiri"]
[Black "Kudr, Roman"]
[Result "0-1"]
[WhiteElo "1800"]
[BlackElo "1915"]
[PlyCount "62"]
[EventDate "2003.??.??"]
[EventType "corr"]
[EventRounds "2"]
[SourceDate "2004.??.??"]

1. e4 e5 2. Nc3 Nf6 3. Bc4 Nxe4 4. Nxe4 d5 5. Bxd5 Qxd5 6. Qf3 Qc6 7. Nc3 Qxf3
8. Nxf3 Bd6 9. O-O O-O 10. d4 exd4 11. Nxd4 c6 12. Be3 Na6 13. a3 Nc7 14. Nce2
Nd5 15. Bd2 Be5 16. c3 Bd7 17. f4 Bf6 18. f5 Rfe8 19. Ng3 c5 20. Nc2 Bh4 21.
Rae1 Bxg3 22. hxg3 Rxe1 23. Nxe1 Re8 24. g4 Nf6 25. Nd3 Bb5 26. Rf3 Rd8 27.
Nxc5 Rxd2 28. Rf2 Rd1+ 29. Kh2 Nxg4+ 30. Kg3 Nxf2 31. Kxf2 Rd2+ 0-1

[Event "15PCR_ZK4"]
[Site "?"]
[Date "2003.??.??"]
[Round "?"]
[White "Peroutik, Jiri"]
[Black "Cvak, Rudolf"]
[Result "1/2-1/2"]
[WhiteElo "1925"]
[BlackElo "1800"]
[PlyCount "74"]
[EventDate "2003.??.??"]
[EventType "corr"]
[EventRounds "2"]
[SourceDate "2004.??.??"]

1. e4 e5 2. Nf3 Nc6 3. Bb5 a6 4. Ba4 Nf6 5. O-O Be7 6. Re1 b5 7. Bb3 O-O 8. c3
d6 9. h3 Nb8 10. d4 Nbd7 11. Nbd2 Bb7 12. Bc2 Re8 13. a3 c5 14. d5 c4 15. b3
cxb3 16. Nxb3 Rc8 17. Re3 Nb6 18. Nfd2 Nfd7 19. Qg4 Bg5 20. Rg3 Bh6 21. Na5 Ba8
22. Ndb3 Nf6 23. Qe2 Bf4 24. Rf3 Qc7 25. g3 Bxc1 26. Rxc1 Nfd7 27. Bd1 Nc5 28.
Nxc5 dxc5 29. Nb3 Qd6 30. Nd2 Qh6 31. Kg2 Nxd5 32. exd5 Bxd5 33. Qe3 Qxe3 34.
fxe3 Bxf3+ 35. Kxf3 Red8 36. Ke2 Rc6 37. c4 Rb8 1/2-1/2

[Event "15PCR_ZK4"]
[Site "?"]
[Date "2003.??.??"]
[Round "?"]
[White "Trs, Jan"]
[Black "Slavik, Miroslav"]
[Result "1-0"]
[WhiteElo "2060"]
[BlackElo "2160"]
[PlyCount "93"]
[EventDate "2003.??.??"]
[EventType "corr"]
[EventRounds "2"]
[SourceDate "2004.??.??"]

1. c4 e5 2. g3 Nf6 3. Bg2 d5 4. cxd5 Nxd5 5. Nc3 Nb6 6. Nf3 Nc6 7. O-O Be7 8.
d3 O-O 9. a3 Be6 10. b4 f6 11. Rb1 Nd4 12. Be3 Nxf3+ 13. Bxf3 c6 14. Qc2 Nd5
15. Bc5 a5 16. d4 Nxc3 17. Qxc3 exd4 18. Bxd4 axb4 19. axb4 Qd7 20. Bc5 Rfc8
21. Qe3 Bf8 22. Rfd1 Qf7 23. Bxf8 Rxf8 24. b5 Bd5 25. Bxd5 cxd5 26. Qd3 Rad8
27. Rb4 f5 28. Rd4 Rfe8 29. Rd2 Re5 30. f4 Re7 31. Rxd5 Rxd5 32. Qxd5 Qxd5 33.
Rxd5 Rxe2 34. Rxf5 Rb2 35. h4 g6 36. Rd5 Kf8 37. Rd7 Rxb5 38. Rxh7 Rb2 39. Rd7
b5 40. Rb7 Kg8 41. Re7 Rc2 42. Kf1 Rb2 43. Re2 Rb3 44. Kf2 b4 45. Re8+ Kf7 46.
Rb8 Rb2+ 47. Kf3 1-0

[Event "15PCR_ZK4"]
[Site "?"]
[Date "2003.??.??"]
[Round "?"]
[White "Slavik, Miroslav"]
[Black "Petrzik, Josef"]
[Result "1-0"]
[WhiteElo "2160"]
[BlackElo "1800"]
[PlyCount "59"]
[EventDate "2003.??.??"]
[EventType "corr"]
[EventRounds "2"]
[SourceDate "2004.??.??"]

1. e4 e5 2. Nf3 Nc6 3. Bb5 a6 4. Ba4 Nf6 5. O-O Be7 6. Re1 d6 7. Bxc6+ bxc6 8.
d4 exd4 9. Nxd4 Bb7 10. Nc3 O-O 11. Qf3 Rb8 12. Nf5 Nd7 13. Qg3 g6 14. Be3 Bf6
15. Ba7 Bxc3 16. bxc3 Ra8 17. Bd4 Re8 18. Nh6+ Kf8 19. Qf4 f6 20. Ng4 Re6 21.
Rab1 Bc8 22. c4 c5 23. Bc3 Qe7 24. f3 Ra7 25. Bxf6 Nxf6 26. Rb8 Kf7 27. Rxc8
Rb7 28. Qh6 Nxg4 29. Qxh7+ Kf6 30. Qh8+ 1-0

[Event "15PCR_ZK4"]
[Site "?"]
[Date "2003.??.??"]
[Round "?"]
[White "Cvak, Rudolf"]
[Black "Trs, Jan"]
[Result "0-1"]
[WhiteElo "1800"]
[BlackElo "2060"]
[PlyCount "76"]
[EventDate "2003.??.??"]
[EventType "corr"]
[EventRounds "2"]
[SourceDate "2004.??.??"]

1. e4 c5 2. Nf3 d6 3. d4 cxd4 4. Nxd4 Nf6 5. Nc3 e6 6. g4 a6 7. g5 Nfd7 8. Be3
b5 9. a3 Bb7 10. h4 Be7 11. Qg4 Nc6 12. O-O-O Nce5 13. Qh3 Rc8 14. f4 Nc4 15.
Bg1 Qc7 16. Bxc4 Qxc4 17. f5 e5 18. Nb3 b4 19. axb4 Qxb4 20. Nd2 a5 21. Qg3 a4
22. Nd5 Bxd5 23. exd5 f6 24. g6 Rb8 25. Qa3 hxg6 26. fxg6 f5 27. Rf1 Qa5 28.
Rxf5 Qxd5 29. Rh3 Qe6 30. Rff3 e4 31. Re3 d5 32. Qxa4 O-O 33. Rhf3 Bf6 34. Rxf6
Rxf6 35. h5 Rf5 36. Re1 Rxh5 37. Bd4 Rg5 38. Nb1 Rxg6 0-1

[Event "15PCR_ZK4"]
[Site "?"]
[Date "2003.??.??"]
[Round "?"]
[White "Kudr, Roman"]
[Black "Peroutik, Jiri"]
[Result "1-0"]
[WhiteElo "1915"]
[BlackElo "1925"]
[PlyCount "29"]
[EventDate "2003.??.??"]
[EventType "corr"]
[EventRounds "2"]
[SourceDate "2004.??.??"]

1. Nf3 Nf6 2. c4 c5 3. d4 cxd4 4. Nxd4 Nc6 5. Nc3 e6 6. g3 Bb4 7. Bg2 d5 8. O-O
O-O 9. cxd5 Bxc3 10. bxc3 Nxd4 11. Qxd4 exd5 12. Bg5 Be6 13. Rfd1 Bg4 14. Bxf6
Qxf6 15. Qxg4 1-0

[Event "15PCR_ZK4"]
[Site "?"]
[Date "2003.??.??"]
[Round "?"]
[White "Kubecek, Jan"]
[Black "Ptacek, Jiri"]
[Result "0-1"]
[WhiteElo "1800"]
[BlackElo "1800"]
[PlyCount "32"]
[EventDate "2003.??.??"]
[EventType "corr"]
[EventRounds "2"]
[SourceDate "2004.??.??"]

1. e4 e5 2. Nf3 Nf6 3. Nxe5 d6 4. Nf3 Nxe4 5. d4 d5 6. Bd3 Be7 7. O-O Nc6 8. c4
Be6 9. cxd5 Bxd5 10. Nc3 Nxc3 11. bxc3 Bxf3 12. Qxf3 O-O 13. Rb1 Rb8 14. Re1
Bf6 15. Ba3 Re8 16. Qe4 Rxe4 0-1

[Event "15PCR_ZK4"]
[Site "?"]
[Date "2003.??.??"]
[Round "?"]
[White "Petrzik, Josef"]
[Black "Ptacek, Jiri"]
[Result "0-1"]
[WhiteElo "1800"]
[BlackElo "1800"]
[PlyCount "62"]
[EventDate "2003.??.??"]
[EventType "corr"]
[EventRounds "2"]
[SourceDate "2004.??.??"]

1. e4 e5 2. Nf3 Nf6 3. d4 Nxe4 4. Bd3 d5 5. Nxe5 Bd6 6. O-O O-O 7. c4 Bxe5 8.
dxe5 Nc6 9. Bf4 Be6 10. Re1 Nc5 11. cxd5 Nxd3 12. Qxd3 Qxd5 13. Qxd5 Bxd5 14.
Nc3 Be6 15. Ne4 Ne7 16. Nc5 b6 17. Nxe6 fxe6 18. Bg5 Ng6 19. Rad1 h6 20. Bd2
Rad8 21. g3 c5 22. f4 Ne7 23. h3 Nd5 24. a3 Rd7 25. Bc1 Rfd8 26. b3 Nc3 27.
Rxd7 Rxd7 28. Kf2 Nd5 29. Rd1 Kf7 30. Kf3 Ke7 31. Rd3 Rd8 0-1

[Event "15PCR_ZK4"]
[Site "?"]
[Date "2003.??.??"]
[Round "?"]
[White "Trs, Jan"]
[Black "Kudr, Roman"]
[Result "0-1"]
[WhiteElo "2060"]
[BlackElo "1915"]
[PlyCount "108"]
[EventDate "2003.??.??"]
[EventType "corr"]
[EventRounds "2"]
[SourceDate "2004.??.??"]

1. c4 Nf6 2. Nc3 g6 3. Nf3 Bg7 4. d4 d5 5. Qb3 dxc4 6. Qxc4 O-O 7. e4 Na6 8.
Be2 c5 9. d5 e6 10. Bg5 h6 11. Bxf6 Bxf6 12. e5 exd5 13. Nxd5 Bg7 14. Rd1 Qa5+
15. Rd2 Be6 16. O-O Nb4 17. Qc3 Rad8 18. Bc4 Kh8 19. a3 b5 20. Ba2 Qa6 21. axb4
Qxa2 22. b3 Qa3 23. Qxc5 Qxb3 24. Nc7 Bc4 25. Re1 Rxd2 26. Nxd2 Qc3 27. Nf3 a5
28. bxa5 Qxa5 29. Nd5 Rd8 30. Ne3 Bf8 31. Qc6 Be6 32. Qe4 b4 33. Nc4 Qc7 34.
Nb2 Kg8 35. h3 Bf5 36. Qe3 Qc3 37. Re2 Qxe3 38. Rxe3 Bc2 39. Ne1 b3 40. Rc3 Bb4
41. Rxc2 bxc2 42. Nxc2 Bc5 43. Ne1 Bxf2+ 44. Kxf2 Rd2+ 45. Kf3 Rxb2 46. Nd3 Ra2
47. g4 Kf8 48. Nf4 Ke7 49. h4 Ra3+ 50. Ke4 Rg3 51. Nd5+ Ke6 52. Nf4+ Kd7 53. g5
hxg5 54. hxg5 Rxg5 0-1

[Event "15PCR_ZK4"]
[Site "?"]
[Date "2003.??.??"]
[Round "?"]
[White "Slavik, Miroslav"]
[Black "Cvak, Rudolf"]
[Result "1-0"]
[WhiteElo "2160"]
[BlackElo "1800"]
[PlyCount "105"]
[EventDate "2003.??.??"]
[EventType "corr"]
[EventRounds "2"]
[SourceDate "2004.??.??"]

1. e4 c5 2. Nf3 Nc6 3. d4 cxd4 4. Nxd4 Nf6 5. Nc3 e5 6. Ndb5 d6 7. Bg5 a6 8.
Na3 b5 9. Bxf6 gxf6 10. Nd5 f5 11. c3 Bg7 12. exf5 Bxf5 13. Nc2 O-O 14. Nce3
Be6 15. g3 f5 16. f4 e4 17. a4 b4 18. cxb4 Nd4 19. Rc1 Nf3+ 20. Kf2 Bxb2 21.
Rc4 a5 22. b5 Re8 23. Be2 Rc8 24. Rxc8 Qxc8 25. Bxf3 exf3 26. Qd3 Bg7 27. Kxf3
Qc5 28. Rd1 Kh8 29. Nxf5 Bxf5 30. Qxf5 Qa3+ 31. Kg2 Qxa4 32. Nf6 Qa2+ 33. Kg1
Bxf6 34. Qxf6+ Kg8 35. Qxd6 a4 36. b6 a3 37. Qd7 Qf7 38. Qb5 a2 39. b7 Rb8 40.
Qg5+ Qg6 41. Rd8+ Rxd8 42. Qxd8+ Kg7 43. Qe7+ Kh6 44. Qe5 Qb6+ 45. Kf1 Kg6 46.
Qg5+ Kf7 47. Qd5+ Ke7 48. Qxa2 Qxb7 49. Qe2+ Kf7 50. Kf2 Qb6+ 51. Kf3 h6 52.
Qe4 Kg7 53. Qe7+ 1-0

[Event "15PCR_ZK4"]
[Site "?"]
[Date "2003.??.??"]
[Round "?"]
[White "Cvak, Rudolf"]
[Black "Petrzik, Josef"]
[Result "1-0"]
[WhiteElo "1800"]
[BlackElo "1800"]
[PlyCount "57"]
[EventDate "2003.??.??"]
[EventType "corr"]
[EventRounds "2"]
[SourceDate "2004.??.??"]

1. e4 e5 2. f4 Bc5 3. Nf3 d6 4. Nc3 Bg4 5. h3 Bxf3 6. Qxf3 exf4 7. Qxf4 Nf6 8.
Bc4 Nbd7 9. d3 Ne5 10. Bb3 O-O 11. Rf1 a6 12. Qf5 Bd4 13. Ne2 Nc6 14. c3 Be5
15. d4 Re8 16. Bg5 Ne7 17. Qf3 Ng6 18. O-O-O Bh2 19. Bxf6 gxf6 20. g3 a5 21.
Rf2 d5 22. Bxd5 Ne7 23. Bc4 Qd6 24. Rxh2 Qc6 25. Qg4+ Kf8 26. Qh5 Qxc4 27. Qh6+
Kg8 28. Nf4 Qb5 29. h4 1-0

[Event "15PCR_ZK4"]
[Site "?"]
[Date "2003.??.??"]
[Round "?"]
[White "Kudr, Roman"]
[Black "Slavik, Miroslav"]
[Result "1/2-1/2"]
[WhiteElo "1915"]
[BlackElo "2160"]
[PlyCount "41"]
[EventDate "2003.??.??"]
[EventType "corr"]
[EventRounds "2"]
[SourceDate "2004.??.??"]

1. Nf3 g6 2. c4 Nf6 3. Nc3 Bg7 4. d4 d5 5. cxd5 Nxd5 6. e4 Nxc3 7. bxc3 c5 8.
Rb1 O-O 9. Be2 Nc6 10. d5 Ne5 11. Nxe5 Bxe5 12. Qd2 Qc7 13. f4 Bg7 14. O-O Rd8
15. c4 Bd4+ 16. Kh1 b6 17. Bb2 Bxb2 18. Qxb2 Rb8 19. Qe5 Qd6 20. Qg5 Qc7 21.
Qe5 1/2-1/2

[Event "15PCR_ZK4"]
[Site "?"]
[Date "2003.??.??"]
[Round "?"]
[White "Kubecek, Jan"]
[Black "Trs, Jan"]
[Result "0-1"]
[WhiteElo "1800"]
[BlackElo "2060"]
[PlyCount "37"]
[EventDate "2003.??.??"]
[EventType "corr"]
[EventRounds "2"]
[SourceDate "2004.??.??"]

1. d4 Nf6 2. g3 d5 3. Bg2 c6 4. Nf3 e6 5. O-O Be7 6. b3 O-O 7. Bb2 Nbd7 8. Nbd2
a5 9. c4 b5 10. c5 b4 11. Re1 Qc7 12. e3 Ba6 13. h4 Bd3 14. Nh2 Rae8 15. Ndf3
Bf5 16. a3 Ra8 17. axb4 axb4 18. Qe2 h6 19. Nd2 0-1

[Event "15PCR_ZK4"]
[Site "?"]
[Date "2003.??.??"]
[Round "?"]
[White "Ptacek, Jiri"]
[Black "Peroutik, Jiri"]
[Result "0-1"]
[WhiteElo "1800"]
[BlackElo "1925"]
[PlyCount "60"]
[EventDate "2003.??.??"]
[EventType "corr"]
[EventRounds "2"]
[SourceDate "2004.??.??"]

1. e4 e6 2. d4 d5 3. e5 b6 4. Bb5+ Bd7 5. Bxd7+ Nxd7 6. Nf3 c5 7. c3 f6 8. exf6
Ngxf6 9. Bg5 Bd6 10. Bxf6 Qxf6 11. O-O O-O 12. Nbd2 Rae8 13. Qa4 Qe7 14. Rfe1
cxd4 15. Qxd4 Rf4 16. Qd3 Ref8 17. g3 R4f5 18. Re2 Nc5 19. Qc2 Rxf3 20. Nxf3
Rxf3 21. Rd1 Ne4 22. Rxe4 dxe4 23. Qxe4 Rf8 24. Re1 Bc5 25. Re2 Qf6 26. Qc2 a5
27. a3 a4 28. Kf1 Qf3 29. Ke1 Bxf2+ 30. Rxf2 Qh1+ 0-1

[Event "15PCR_ZK4"]
[Site "?"]
[Date "2003.??.??"]
[Round "?"]
[White "Petrzik, Josef"]
[Black "Peroutik, Jiri"]
[Result "1-0"]
[WhiteElo "1800"]
[BlackElo "1925"]
[PlyCount "53"]
[EventDate "2003.??.??"]
[EventType "corr"]
[EventRounds "2"]
[SourceDate "2004.??.??"]

1. e4 e6 2. d4 d5 3. Nc3 Nf6 4. Bg5 Be7 5. e5 Nfd7 6. Bxe7 Qxe7 7. f4 O-O 8.
Nf3 c5 9. Bd3 f5 10. exf6 Qxf6 11. Ng5 g6 12. Qg4 cxd4 13. Ne2 Nc5 14. Qh3
Nxd3+ 15. cxd3 h5 16. Qg3 Nc6 17. O-O Bd7 18. Rac1 Qf5 19. Nf3 Kg7 20. Ne5 Nxe5
21. fxe5 Qg4 22. Qxg4 hxg4 23. Rc7 Rxf1+ 24. Kxf1 Rf8+ 25. Ke1 Rf7 26. Nxd4 Bc6
27. Nxe6+ 1-0

[Event "15PCR_ZK4"]
[Site "?"]
[Date "2003.??.??"]
[Round "?"]
[White "Trs, Jan"]
[Black "Ptacek, Jiri"]
[Result "1-0"]
[WhiteElo "2060"]
[BlackElo "1800"]
[PlyCount "59"]
[EventDate "2003.??.??"]
[EventType "corr"]
[EventRounds "2"]
[SourceDate "2004.??.??"]

1. c4 Nf6 2. Nc3 g6 3. e4 d6 4. d4 Bg7 5. Nf3 Bg4 6. Be2 O-O 7. Be3 Nbd7 8. Qb3
Rb8 9. Rd1 b6 10. O-O Bxf3 11. Bxf3 e6 12. e5 Ne8 13. Nb5 Nxe5 14. dxe5 Bxe5
15. Nxa7 Qf6 16. Nc6 Rc8 17. Qb5 Ng7 18. b4 Nf5 19. Rd3 Ne7 20. Nxe5 dxe5 21.
Rd7 Nf5 22. Bb7 Nd6 23. Rxd6 cxd6 24. Bxc8 Rxc8 25. Qxb6 Rxc4 26. Qxd6 Rc8 27.
b5 e4 28. a4 Rd8 29. Qc7 e5 30. b6 1-0

[Event "15PCR_ZK4"]
[Site "?"]
[Date "2003.??.??"]
[Round "?"]
[White "Slavik, Miroslav"]
[Black "Kubecek, Jan"]
[Result "1-0"]
[WhiteElo "2160"]
[BlackElo "1800"]
[PlyCount "55"]
[EventDate "2003.??.??"]
[EventType "corr"]
[EventRounds "2"]
[SourceDate "2004.??.??"]

1. e4 c5 2. Nf3 e6 3. d4 cxd4 4. Nxd4 Nc6 5. Nb5 d6 6. c4 Nf6 7. N5c3 Be7 8.
Be2 O-O 9. O-O b6 10. f4 Bb7 11. Bf3 Re8 12. b3 a6 13. Be3 Qc7 14. a3 Rac8 15.
Ra2 Na7 16. Re2 Rcd8 17. f5 Nc6 18. fxe6 fxe6 19. Na4 Nd7 20. Bh5 g6 21. Bg4
Bf8 22. Nbc3 Nce5 23. Bh3 Bc6 24. Nb2 Bg7 25. Qc2 Rc8 26. a4 Bb7 27. Rd2 Nc5
28. Rdf2 1-0

[Event "15PCR_ZK4"]
[Site "?"]
[Date "2003.??.??"]
[Round "?"]
[White "Cvak, Rudolf"]
[Black "Kudr, Roman"]
[Result "1-0"]
[WhiteElo "1800"]
[BlackElo "1915"]
[PlyCount "119"]
[EventDate "2003.??.??"]
[EventType "corr"]
[EventRounds "2"]
[SourceDate "2004.??.??"]

1. e4 e5 2. Nf3 Nc6 3. Bb5 f5 4. Nc3 fxe4 5. Nxe4 Nf6 6. Qe2 d5 7. Nxf6+ gxf6
8. d4 Bg7 9. dxe5 O-O 10. Bxc6 bxc6 11. e6 Re8 12. O-O c5 13. Qb5 Bf8 14. b3
Rxe6 15. Qa5 d4 16. Re1 Qd6 17. Bb2 Qb6 18. Qa4 Qa6 19. Qxa6 Rxa6 20. c3 d3 21.
Re3 Rb8 22. Rxd3 c4 23. Rd8 cxb3 24. axb3 Rxb3 25. Re1 Bg4 26. Bc1 Rd6 27. Rxd6
Bxd6 28. Nd2 Rxc3 29. Ne4 Rc4 30. Nxf6+ Kf7 31. Nxg4 Rxg4 32. f4 Rh4 33. Re4
Bc5+ 34. Kh1 Rh5 35. g3 a5 36. Kg2 Bb4 37. h3 c5 38. g4 Rh6 39. f5 Ra6 40. h4
a4 41. Re2 a3 42. Ra2 Kf6 43. Kf3 Ke5 44. Bf4+ Kd5 45. g5 Kc4 46. Be5 Kb3 47.
Rg2 Bc3 48. Bxc3 Kxc3 49. h5 a2 50. Rxa2 Rxa2 51. g6 hxg6 52. fxg6 Rh2 53. g7
Rxh5 54. g8=Q Rh3+ 55. Kg4 Rd3 56. Qh8+ Rd4+ 57. Kf3 Kc4 58. Qc8 Kb4 59. Qa6
Rh4 60. Qb6+ 1-0

[Event "15PCR_ZK4"]
[Site "?"]
[Date "2003.??.??"]
[Round "?"]
[White "Kudr, Roman"]
[Black "Petrzik, Josef"]
[Result "1/2-1/2"]
[WhiteElo "1915"]
[BlackElo "1800"]
[PlyCount "65"]
[EventDate "2003.??.??"]
[EventType "corr"]
[EventRounds "2"]
[SourceDate "2004.??.??"]

1. Nf3 Nf6 2. c4 g6 3. Nc3 c5 4. e4 Nc6 5. d4 cxd4 6. Nxd4 Nxd4 7. Qxd4 Bg7 8.
e5 Ng8 9. c5 Qc7 10. Bf4 Qc6 11. O-O-O Nh6 12. Nd5 Nf5 13. Qc3 O-O 14. g4 e6
15. Bg2 exd5 16. Bxd5 Qa4 17. b4 Ne7 18. Bb3 Qa3+ 19. Kb1 Qa6 20. h4 Qe2 21. f3
Nc6 22. Rhe1 Qb5 23. Re4 b6 24. a4 Qa6 25. b5 Qa5 26. Rc4 Qxc3 27. Rxc3 Bxe5
28. Bxe5 Nxe5 29. Re1 d6 30. Bd5 Rb8 31. cxd6 Nd7 32. Re7 Nf6 33. Ba2 1/2-1/2

[Event "15PCR_ZK4"]
[Site "?"]
[Date "2003.??.??"]
[Round "?"]
[White "Kubecek, Jan"]
[Black "Cvak, Rudolf"]
[Result "0-1"]
[WhiteElo "1800"]
[BlackElo "1800"]
[PlyCount "46"]
[EventDate "2003.??.??"]
[EventType "corr"]
[EventRounds "2"]
[SourceDate "2004.??.??"]

1. d4 Nf6 2. c4 e6 3. Nf3 Bb4+ 4. Bd2 Qe7 5. g3 Nc6 6. Bg2 Bxd2+ 7. Nbxd2 d6 8.
O-O a5 9. e4 e5 10. d5 Nb8 11. a3 O-O 12. Ne1 Na6 13. Nd3 Bg4 14. f3 Bd7 15.
Rc1 Rfc8 16. f4 Bg4 17. Bf3 Bh3 18. Rf2 exf4 19. Nxf4 Bd7 20. Qc2 c6 21. Rcf1
Ng4 22. Re2 Ne5 23. Ref2 b5 0-1

[Event "15PCR_ZK4"]
[Site "?"]
[Date "2003.??.??"]
[Round "?"]
[White "Ptacek, Jiri"]
[Black "Slavik, Miroslav"]
[Result "0-1"]
[WhiteElo "1800"]
[BlackElo "2160"]
[PlyCount "102"]
[EventDate "2003.??.??"]
[EventType "corr"]
[EventRounds "2"]
[SourceDate "2004.??.??"]

1. e4 c6 2. d4 d5 3. Nc3 dxe4 4. Nxe4 Nd7 5. Nf3 Ngf6 6. Nc3 e6 7. Bd3 c5 8.
Bb5 a6 9. Bxd7+ Bxd7 10. O-O Bc6 11. Be3 Qb6 12. Qc1 Bxf3 13. dxc5 Qc6 14. gxf3
Qxf3 15. Qd1 Qf5 16. Qd3 Qg4+ 17. Kh1 Qf3+ 18. Kg1 Rd8 19. Qe2 Qxe2 20. Nxe2
Nd5 21. Bd4 Rc8 22. c4 Nb4 23. a3 Nc2 24. Rac1 Nxd4 25. Nxd4 Bxc5 26. Ne2 Be7
27. b4 Bf6 28. a4 Ke7 29. Rfd1 Rhd8 30. Rxd8 Rxd8 31. Rc2 Rd1+ 32. Kg2 Rb1 33.
b5 Ra1 34. Nc3 Bxc3 35. Rxc3 Rxa4 36. bxa6 bxa6 37. c5 Kd7 38. c6+ Kc7 39. Rg3
g6 40. Rf3 f5 41. Rh3 h5 42. Re3 Kxc6 43. Rxe6+ Kd5 44. Rb6 h4 45. h3 g5 46.
Rf6 Ke5 47. Rc6 a5 48. Rc5+ Kf4 49. Rd5 g4 50. hxg4 fxg4 51. Rh5 h3+ 0-1

[Event "15PCR_ZK4"]
[Site "?"]
[Date "2003.??.??"]
[Round "?"]
[White "Peroutik, Jiri"]
[Black "Trs, Jan"]
[Result "1/2-1/2"]
[WhiteElo "1925"]
[BlackElo "2060"]
[PlyCount "65"]
[EventDate "2003.??.??"]
[EventType "corr"]
[EventRounds "2"]
[SourceDate "2004.??.??"]

1. e4 c6 2. d4 d5 3. exd5 cxd5 4. c3 Nf6 5. Bf4 Nc6 6. Nf3 g6 7. Na3 Bg7 8. Bd3
O-O 9. h3 Qb6 10. Qd2 Ne4 11. Bxe4 dxe4 12. Nc4 Qa6 13. Nfe5 Be6 14. Nxc6 bxc6
15. Ne3 Rfd8 16. Qe2 Qb7 17. O-O a5 18. Rfe1 f5 19. Nc4 a4 20. f3 Qb5 21. Ne5
Qxe2 22. Rxe2 Bxe5 23. Bxe5 exf3 24. gxf3 Rd7 25. Bf6 Kf7 26. Rae1 Bxa2 27.
Bxe7 Re8 28. Ba3 Rxe2 29. Rxe2 Bc4 30. Re5 Bd5 31. f4 Kf6 32. Kf2 Rg7 33. h4
1/2-1/2

[Event "15PCR_ZK4"]
[Site "?"]
[Date "2003.??.??"]
[Round "?"]
[White "Petrzik, Josef"]
[Black "Trs, Jan"]
[Result "0-1"]
[WhiteElo "1800"]
[BlackElo "2060"]
[PlyCount "54"]
[EventDate "2003.??.??"]
[EventType "corr"]
[EventRounds "2"]
[SourceDate "2004.??.??"]

1. e4 c5 2. Nf3 d6 3. d4 cxd4 4. Nxd4 Nf6 5. Nc3 e6 6. Be2 Be7 7. O-O Nc6 8.
Be3 O-O 9. a3 d5 10. exd5 exd5 11. Re1 Ne4 12. Nxe4 dxe4 13. Nxc6 bxc6 14. Qd4
Qxd4 15. Bxd4 Rd8 16. Rad1 Be6 17. h3 a5 18. Bc3 a4 19. Bd4 f5 20. g4 g6 21.
gxf5 gxf5 22. Bf3 Bc4 23. Bg2 Rd5 24. f3 Rad8 25. c3 c5 26. fxe4 R5d7 27. exf5
cxd4 0-1

[Event "15PCR_ZK4"]
[Site "?"]
[Date "2003.??.??"]
[Round "?"]
[White "Peroutik, Jiri"]
[Black "Slavik, Miroslav"]
[Result "0-1"]
[WhiteElo "1925"]
[BlackElo "2160"]
[PlyCount "35"]
[EventDate "2003.??.??"]
[EventType "corr"]
[EventRounds "2"]
[SourceDate "2004.??.??"]

1. e4 c6 2. d4 d5 3. exd5 cxd5 4. c3 Nc6 5. Nf3 Nf6 6. Bf4 g6 7. Na3 Bg7 8. Bd3
O-O 9. h3 Qb6 10. Qd2 Bf5 11. Bxf5 gxf5 12. g4 fxg4 13. hxg4 Rac8 14. O-O-O Nb4
15. Kb1 Ne4 16. Qe3 Nxc3+ 17. bxc3 Nd3+ 18. Kc2 0-1

[Event "15PCR_ZK4"]
[Site "?"]
[Date "2003.??.??"]
[Round "?"]
[White "Ptacek, Jiri"]
[Black "Cvak, Rudolf"]
[Result "0-1"]
[WhiteElo "1800"]
[BlackElo "1800"]
[PlyCount "64"]
[EventDate "2003.??.??"]
[EventType "corr"]
[EventRounds "2"]
[SourceDate "2004.??.??"]

1. e4 e5 2. Nf3 Nc6 3. Bc4 Nf6 4. Ng5 Bc5 5. d3 O-O 6. Nxf7 Rxf7 7. Bxf7+ Kxf7
8. Be3 Bxe3 9. fxe3 d6 10. h3 Be6 11. Nd2 Kg8 12. Nf3 Qe7 13. Qe2 Rf8 14. a3
Nh5 15. Rf1 Ng3 16. Qf2 Nxf1 17. Qxf1 Qf6 18. O-O-O Bxh3 19. Rd2 Bxg2 20. Rxg2
Qxf3 21. Qg1 Qf1+ 22. Kd2 Qxg1 23. Rxg1 Rf2+ 24. Kd1 Kf7 25. Rh1 h6 26. Re1 h5
27. Rh1 g6 28. b3 Kf6 29. Kc1 Kg5 30. Rg1+ Kh6 31. Kb2 Rf3 32. Kc3 Rxe3 0-1